| 000 | 00692nam a2200241 4500 | ||
|---|---|---|---|
| 001 | 18824 | ||
| 003 | ES-MaACL | ||
| 007 | t| | ||
| 008 | 020320s1979 sp ||||0| spa j | ||
| 016 | 7 | _z05541449 | |
| 020 | _a84-85221-06-0 | ||
| 040 |
_aIBH _bspa _cM-BN-DP |
||
| 080 | _a821.134.2-32"19" | ||
| 100 | 1 |
_aRamírez, Néstor. _995105 |
|
| 245 | 1 | 0 |
_aAl fin se abrió el paraguas... y Cuentos Europeos / _cNéstor Ramírez. |
| 260 |
_aCastellón : _bHijos de F. Armengot, _c[1979] |
||
| 300 |
_a162 p. ; _c19 cm. |
||
| 490 | 1 |
_aCastalia ; _v10 |
|
| 740 | 0 | _aCuentos europeos. | |
| 830 | 0 |
_aCastalia ; _v10 _9180528 |
|
| 852 |
_aES-MaACL _jG-1109 _bR.130946 |
||
| 999 |
_c18824 _d18824 |
||